000 00734nam a2200241Ia 4500
003 OSt
005 20220923211749.0
006 a|||||r|||| 00| 0
007 ta
008 220922b |||||||| |||| 00| 0 hin d
024 _a52,941
037 _cTextual
040 _aARTS
_cARTS
_bhin
041 _2hin
_ahin
082 _aP15,Cx1,1,6, 152K9 (P15)
100 _aझा, कलानाथ
245 0 _aकारक दर्शनम्
246 _aKārak darshanam
260 _aवाराणसी
_b चौखम्बा विधाभवन
_c1969
300 _a195पृ.
_ccm.
942 _hP15,Cx1,1,6, 152K9 (P15)
_cTEXL
_2CC
999 _c303294
_d303294